Dame in danger
Kaydedildi:
| Yazar: | |
|---|---|
| Materyal Türü: | Kitap |
| Dil: | İngilizce |
| Baskı/Yayın Bilgisi: |
Nueva York
The New American Library
1949
|
| Seri Bilgileri: | A Signet Book, 1538
|
| Konular: | |
| Etiketler: |
Etiketle
Etiket eklenmemiş, İlk siz ekleyin!
|
MARC
| LEADER | 00000nam a2200000 a 4500 | ||
|---|---|---|---|
| 001 | UCZ8399 | ||
| 003 | CL-VaPUC | ||
| 008 | 960121e19490000US |||||||||||||||||eng|d | ||
| 082 | 0 | 4 | |a 813 |b DEW |2 21 |
| 100 | 0 | |a Dewey, Thomas B |e author |9 353687 | |
| 245 | 1 | 0 | |a Dame in danger |
| 300 | |a 128 p | ||
| 942 | |c BK | ||
| 945 | |d 19960121 00:00:00 |a cmena | ||
| 260 | |a Nueva York |b The New American Library |c 1949 | ||
| 650 | 0 | |a Literatura estadounidense |9 317168 | |
| 650 | 0 | |a Novelas estadounidenses |9 265217 | |
| 583 | |a last modification |c 19960121 00:00:00 |k Rodrigo Vera | ||
| 490 | 0 | |a A Signet Book, 1538 | |
| 999 | |c 244318 |d 244316 | ||
| 952 | |0 0 |1 0 |4 0 |6 813_000000000000000_DEW_1949 |7 0 |8 P |9 258329 |a BIBEDU |b BIBEDU |c BIBEDU_PB |d 2019-11-19 |i 1618628 |o 813 DEW 1949 |p 1618628 |r 2024-01-25 |w 2019-11-19 |y BK |k FIL | ||